<?xml version="1.0" encoding="UTF-8"?>
<record
    xmlns:xsi="http://www.w3.org/2001/XMLSchema-instance"
    xsi:schemaLocation="http://www.loc.gov/MARC21/slim http://www.loc.gov/standards/marcxml/schema/MARC21slim.xsd"
    xmlns="http://www.loc.gov/MARC21/slim">

  <leader>00562cam a2200181 i 4500</leader>
  <controlfield tag="001">sa 64005867 </controlfield>
  <controlfield tag="003">DLC</controlfield>
  <controlfield tag="005">20260227112035.0</controlfield>
  <controlfield tag="008">850318s1962    ii            00010 urdo </controlfield>
  <datafield tag="010" ind1=" " ind2=" ">
    <subfield code="a">sa 64005867 //r85</subfield>
  </datafield>
  <datafield tag="050" ind1="0" ind2=" ">
    <subfield code="a">PK2199.H277</subfield>
    <subfield code="b">K4 1962</subfield>
  </datafield>
  <datafield tag="100" ind1="1" ind2="0">
    <subfield code="a">&#x1E24;aidar, Sajj&#x101;d,</subfield>
    <subfield code="d">1880-1943.</subfield>
  </datafield>
  <datafield tag="245" ind1="1" ind2="0">
    <subfield code="a">K&#x332;h&#x332;ay&#x101;list&#x101;n :</subfield>
    <subfield code="b">muk&#x332;h&#x332;ta&#x1E63;qr afs&#x101;non&#x332; k&#x101; majm&#x16B;&#x2BB;ah /</subfield>
    <subfield code="c">Sajj&#x101;d &#x1E24;aidar Yaldaram.</subfield>
  </datafield>
  <datafield tag="260" ind1="0" ind2=" ">
    <subfield code="a">Dihl&#x12B; :</subfield>
    <subfield code="b">Maktabah-yi J&#x101;mi&#x2BB;ah,</subfield>
    <subfield code="c">[1962]</subfield>
  </datafield>
  <datafield tag="300" ind1=" " ind2=" ">
    <subfield code="a">248 p. ;</subfield>
    <subfield code="c">19 cm.</subfield>
  </datafield>
  <datafield tag="500" ind1=" " ind2=" ">
    <subfield code="a">In Urdu.</subfield>
  </datafield>
  <datafield tag="500" ind1=" " ind2=" ">
    <subfield code="a">Text partially vocalized.</subfield>
  </datafield>
  <datafield tag="999" ind1=" " ind2=" ">
    <subfield code="c">59375</subfield>
    <subfield code="d">59375</subfield>
  </datafield>
</record>
